000 01109nam0a2200277 4500
001 RU\NLR\bibl\606481
005 20260607071423.0
021 _aRU
_b2004-74592
_93677
035 _a(NLR Aleph) 000598402
090 _a1757410
_c1757410
100 _a20050207d2004 |||y0rusy50 ca
101 0 _arus
102 _aRU
105 _ay |||||||||
200 1 _aИстория зарубежных государств
_eслов.-справ. терминов и понятий
_fЕ.И. Голубева
_gРос. акад. гос. службы при Президенте Рос. Федерации
205 _a[Изд. 2-е, доп.]
210 _aМ.
_cИзд-во РАГС
_d2004
215 _a49 с.
_d20
606 0 _aВсеобщая история
_jСловари
_91324332
_3RU\NLR\auth\66234889
686 _aТ3(0)я21
700 1 _4070
_7ca
_8rus
_aГолубева
_bЕ. И.
_cисторик
_f1936-
_gЕлена Ивановна
_9126538
_3RU\NLR\auth\7716906
801 0 _aRU
_bNLR
_c20050207
_gPSBO
801 1 _aRU
_bNLR
_c20050207
942 _cBOOK
980 _aNB